LEADER 01153nam a2200277 u 4500 001 000000080146 003 CaOOAMICUS 005 20070226123620.0 008 040628r19791963gb u000 u eng u 020 $a0-19-288071-3 035 $a11002162 040 $aPUL$bita 245 00$aDocuments of the Christian Church /$cselected and edited by Henry Bettenson ; third edition edited by Chris Maunder. 250 $a3. ed. 260 $aOxford :$bOxford University Press,$c1999. 300 $axxiv, 463 p. ;$c20 cm 504 $aInclude indice e bibliografia. 650 4$aCristianesimo.$0(OLS)http://pul/subject/787 700 1 $aMaunder, Chris.$0(OLS)http://pul/name/53428 700 1 $aBettenson, Henry Scowcroft.$0(OLS)http://pul/name/3175 850 $aPUL 852 $aPUL$W1$xSL Religione 3$y85$m270 BETHE 1$j120269$nBK-PRI$qDDC 21$B102394$CPULBib$Z2$F102394 $H95606 $82 941 1 $a9 996 $6020$a0-19-288071-3$9(OLS)http://pul/number/105809 996 $6245$aDocuments of the Christian Church$9(OLS)http://pul/title/104982 996 $6260$aOxford :$bOxford University Press$9(OLS)http://pul/publisher/48013 LEADER 01489nam a2200325 a 4500 001 000000132237 003 CaOOAMICUS 005 20121218121205.0 008 121218s2012 it 000 u ita r 020 $a978-88-311-7501-2 040 $aPUL$bita 082 04$a262 245 00$aDono e compito :$bla Chiesa nel simbolo della fede /$cPhilip Goyret (ed.) ; contributi di : Miguel de Salis, Philip Goyret, Sandra Mazzolini, Aimable Musoni, Pilar Rio, Giovanni Tangorra. 260 $aRoma :$bCittà Nuova,$c©2012. 300 $a349 p. ;$c21 cm. 504 $aInclude indice e bibliografia in nota. 650 4$aEcclesiologia.$0(OLS)http://pul/subject/22628 700 1 $aGoyret, Philip,$d1956-$0(OLS)http://pul/name/40993 700 1 $aDe Salis Amaral, Miguel,$d1968-$0(OLS)http://pul/name/71392 700 1 $aMazzolini, Sandra,$d1956-$0(OLS)http://pul/name/41850 700 1 $aMusoni, Aimable.$0(OLS)http://pul/name/73796 700 1 $aTangorra, Giovanni,$csac.$0(OLS)http://pul/name/39773 850 $aPUL 852 $aPUL$W1$xSL Religione 3$y85$m262 GOYPH 1$j152177$qDDC 21$B151527$CPULBib$Z2$F151527 $H121390 $82 941 1 $a9 996 $6020$a978-88-311-7501-2$9(OLS)http://pul/number/151409 996 $6082$a262$9(OLS)http://pul/classification/438 996 $6245$aDono e compito :$bla Chiesa nel simbolo della fede$9(OLS)http://pul/title/167056 996 $6260$aRoma :$bCittà Nuova$9(OLS)http://pul/publisher/47927